000 00707nam a2200289Ia 4500
005 20260324111455.0
008 008 260324s9999 xx 000 0 eng d
020 _a9781003582908
037 _aEBOOK
040 _aCRL
040 _beng
040 _cCRL
041 _2eng
041 _aeng
084 _qCRL
100 _aFrancisco Blancarte Jaber
_91138713
245 2 _aA Transdisciplinary Study of Addiction
245 2 _bA New Framework for Drug Policy Reform
260 _bTaylor and Francis
260 _c2025
365 _a
365 _b220
856 _uhttp://www.taylorfrancis.com/books/9781003582908
942 _cEBOOK
999 _c1727549
_d1727549